书目信息 |
| 题名: |
庄老通辨
|
|
| 作者: | 钱穆 著 | |
| 分册: | ||
| 出版信息: | 北京 三联书店 2002 |
|
| 页数: | 390页 | |
| 开本: | 20cm | |
| 丛书名: | 钱穆作品系列 | |
| 单 册: | ||
| 中图分类: | B223.05 | |
| 科图分类: | ||
| 主题词: | 道家--研究 , CT--S012509--道家 , 先秦哲学 | |
| 电子资源: | ||
| ISBN: | 7-108-01724-5 | |
| 000 | 00951nam0 2200313 45 | |
| 001 | 002202719 | |
| 005 | 20260413093426.56 | |
| 010 | @a7-108-01724-5@dCNY22.00 | |
| 100 | @a20021203d2002 kemy0chiy0110 ea | |
| 101 | 0 | @achi |
| 102 | @aCN@b110000 | |
| 105 | @ay z 000yy | |
| 200 | 1 | @a庄老通辨@9zhuang lao tong bian@f钱穆著 |
| 210 | @a北京@c三联书店@d2002 | |
| 215 | @a390页@d20cm | |
| 225 | 2 | @a钱穆作品系列 |
| 330 | @a本书梳理了道家思想乃至先秦思想史中各家各派之相互影响、传承与辩驳关系,言之成理,证据凿凿地推论出《老子》书应在庄子之后。 | |
| 461 | 0 | @1001012001061532@12001 @a钱穆作品系列 |
| 605 | @a庄子@x研究 | |
| 605 | @a《老子》@x研究 | |
| 605 | @2CT@3S903519@a庄子 | |
| 605 | @2CT@3S903568@a《老子》 | |
| 606 | 0 | @a道家@x研究 |
| 606 | 0 | @2CT@3S012509@a道家 |
| 606 | 0 | @a先秦哲学 |
| 690 | @aB223.05@v4 | |
| 701 | 0 | @a钱穆@9qian mu@4著 |
| 801 | @aCN@bTSTC@c20031111 | |
| 905 | @a213230@b327842-846@dB223.05@e192@f5 | |
| 庄老通辨/钱穆著.-北京:三联书店,2002 |
| 390页;20cm.-(钱穆作品系列) |
| ISBN 7-108-01724-5:CNY22.00 |
| 本书梳理了道家思想乃至先秦思想史中各家各派之相互影响、传承与辩驳关系,言之成理,证据凿凿地推论出《老子》书应在庄子之后。 |
| ● |
| 相关链接 |
|
|
|
|
正题名:庄老通辨
索取号:B223.05/192
 
预约/预借
| 序号 | 登录号 | 条形码 | 馆藏地/架位号 | 状态 | 备注 |
| 1 | 0327842 | 203278425 | 第一借阅区/ [索取号:B223.05/192] | 在馆 | |
| 2 | 0327843 | 203278434 | 第一借阅区/ [索取号:B223.05/192] | 在馆 | |
| 3 | 0327844 | 203278443 | 第一借阅区/ [索取号:B223.05/192] | 在馆 | |
| 4 | 0327845 | 203278452 | 第一借阅区/ [索取号:B223.05/192] | 在馆 | |
| 5 | 0327846 | 203278461 | 第一样本阅览室/ [索取号:B223.05/192] | 在馆 | |
| 6 | 1442662 | 214426628 | 第一借阅区/ [索取号:B223.05/192] | 在馆 |